[Event "Montreal Mercredi 04"]
[Site "Montreal"]
[Date "2007.04.11"]
[Round "2"]
[White "Berthiaume, Yves"]
[Black "Daoud, Michel"]
[Result "0-1"]
[WhiteElo "1344"]
[BlackElo "1422"]
[PlyCount "88"]
[EventDate "2007.04.04"]
[EventType "swiss"]
[EventRounds "5"]
[EventCountry "CAN"]
[SourceTitle "EXT 2022"]
[Source "ChessBase"]
[SourceDate "2021.10.06"]
[SourceVersion "1"]
[SourceVersionDate "2021.10.06"]
[SourceQuality "1"]

1. e4 c5 2. Nf3 Nc6 3. Bb5 d6 4. 0-0 Bg4 5. h3 Bh5 6. c3 a6 7. Bxc6+ bxc6 8. d4 cxd4 9. cxd4 Nf6 10. Re1 h6 11. Nbd2 e6 12. Nf1 d5 13. Ng3 Bb4 14. Nxh5 Bxe1 15. Nxf6+ Qxf6 16. e5 Bxf2+ 17. Kxf2 Qg6 18. Qa4 0-0 19. Bd2 Rfb8 20. Bc3 Rb5 21. Qd1 a5 22. a4 Rb6 23. Qd2 Rab8 24. Re1 Rb3 25. Rc1 h5 26. Rc2 Qe4 27. Qe2 Qf5 28. Kg1 g5 29. Ne1 g4 30. hxg4 hxg4 31. Nd3 g3 32. Qf3 Qg5 33. Nf4 Rxc3 34. Qxc3 Qxf4 35. Qd2 Qh4 36. Qe3 Qh2+ 37. Kf1 Qh1+ 38. Ke2 Qxg2+ 39. Kd1 Qf1+ 40. Kd2 g2 41. Qg5+ Kf8 42. Qh6+ Ke7 43. Qg5+ Kd7 44. Kc3 Qe1+ 0-1